|
|
|
|
| LEADER |
00000nam0a2200000 4500 |
| 001 |
151176 |
| 005 |
20231101221536.0 |
| 035 |
|
|
|a (RuTPU)RU\TPU\book\163911
|
| 090 |
|
|
|a 151176
|
| 100 |
|
|
|a 20090120d2008 m y0rusy50 ca
|
| 101 |
0 |
|
|a rus
|
| 102 |
|
|
|a RU
|
| 105 |
|
|
|a y j 001zy
|
| 200 |
1 |
|
|a Основы социальной работы
|e учебное пособие для вузов
|f Р. Б. Квеско, О. И. Тюкульмина
|g Томский политехнический университет (ТПУ), Институт дистанционного образования
|
| 210 |
|
|
|a Томск
|c Изд-во ТПУ
|d 2008
|
| 215 |
|
|
|a 148 с.
|
| 320 |
|
|
|a Предметно-терминологический словарь: с. 139-142.
|
| 330 |
|
|
|a В учебном пособии раскрыты основные аспекты социальной работы, рассмотрены актуальные вопросы развития государственной социальной политики и социальных служб по работе с различными группами населения, обозначены проблемы в сфере социального обеспечения, освещены концепции социальной работы. Авторами использован ряд материалов, подготовленных на базе УМО вузов России в сфере социальной работы. Пособие подготовлено на кафедре философии, соответствует программе дисциплины и предназначено для студентов Института дистанционного образования по специальности 040101 «Социальная работа».
|
| 488 |
|
1 |
|0 (RuTPU)RU\TPU\book\222119
|t Основы социальной работы
|o учебное пособие
|f Р. Б. Квеско, О. И. Тюкульмина
|g Национальный исследовательский Томский политехнический университет (ТПУ)
|c Томск
|n Изд-во ТПУ
|d 2011
|a Квеско, Раиса Брониславовна
|
| 606 |
1 |
|
|a Социальная работа
|x Практика
|2 stltpush
|3 (RuTPU)RU\TPU\subj\36957
|9 58148
|
| 610 |
1 |
|
|a благотворительность
|
| 610 |
1 |
|
|a социальное сотрудничество
|
| 610 |
1 |
|
|a социальные организации
|
| 610 |
1 |
|
|a международные организации
|
| 610 |
1 |
|
|a ООН
|
| 610 |
1 |
|
|a ЮНЕСКО
|
| 610 |
1 |
|
|a Всемирная организация здравоохранения
|
| 610 |
1 |
|
|a Армия спасения
|
| 610 |
1 |
|
|a Международный Комитет Красного Креста
|
| 610 |
1 |
|
|a международное сотрудничество
|
| 610 |
1 |
|
|a защита
|
| 610 |
1 |
|
|a защита прав
|
| 610 |
1 |
|
|a пожилые люди
|
| 610 |
1 |
|
|a инвалиды
|
| 610 |
1 |
|
|a молодежь
|
| 610 |
1 |
|
|a социальная работа
|
| 610 |
1 |
|
|a семья
|
| 610 |
1 |
|
|a дома-интернаты
|
| 610 |
1 |
|
|a социальное обслуживание
|
| 610 |
1 |
|
|a учебные пособия
|
| 610 |
1 |
|
|a труды учёных ТПУ
|
| 686 |
|
|
|a У9(2)272я73
|v LBC/SL-A
|2 rubbk
|
| 700 |
|
1 |
|a Квеско
|b Р. Б.
|c философ
|c доцент Томского политехнического университета, доктор философских наук
|f 1943-
|g Раиса Брониславовна
|2 stltpush
|3 (RuTPU)RU\TPU\pers\25429
|
| 701 |
|
1 |
|a Тюкульмина
|b О. И.
|c философ
|c старший преподаватель Томского политехнического университета
|g Ольга Ивановна
|2 stltpush
|3 (RuTPU)RU\TPU\pers\24705
|
| 712 |
0 |
2 |
|a Томский политехнический университет (ТПУ)
|b Институт дистанционного образования (ИДО)
|2 stltpush
|3 (RuTPU)RU\TPU\col\12625
|
| 801 |
|
1 |
|a RU
|b 63413507
|c 20090120
|g PSBO
|
| 801 |
|
2 |
|a RU
|b 63413507
|c 20181205
|g PSBO
|
| 900 |
|
|
|a Основы социальной работы
|
| 900 |
|
|
|a Социальная работа
|
| 942 |
|
|
|c BK
|